|
|
|
|
| LEADER |
01772nam a2200433 a 4500 |
| 001 |
EBC1215510 |
| 003 |
MiAaPQ |
| 005 |
20200520144314.0 |
| 006 |
m o d | |
| 007 |
cr cn||||||||| |
| 008 |
130625s2013 enka sb 001 0 eng d |
| 020 |
|
|
|z 9781781906019
|
| 020 |
|
|
|a 9781781906026 (electronic bk.)
|
| 035 |
|
|
|a (MiAaPQ)EBC1215510
|
| 035 |
|
|
|a (Au-PeEL)EBL1215510
|
| 035 |
|
|
|a (CaPaEBR)ebr10721223
|
| 035 |
|
|
|a (CaONFJC)MIL503088
|
| 035 |
|
|
|a (OCoLC)854973239
|
| 040 |
|
|
|a MiAaPQ
|c MiAaPQ
|d MiAaPQ
|
| 050 |
|
4 |
|a HD31
|b .D57 2013
|
| 245 |
0 |
0 |
|a (Dis)honesty in management
|h [electronic resource] :
|b manifestations and consequences /
|c edited by Tiia Vissak, Maaja Vadi.
|
| 246 |
3 |
|
|a Dishonesty in management
|
| 246 |
3 |
|
|a Honesty in management
|
| 250 |
|
|
|a 1st ed.
|
| 260 |
|
|
|a Bingley [England] :
|b Emerald Insight,
|c 2013.
|
| 300 |
|
|
|a xvii, 373 p. :
|b ill.
|
| 490 |
1 |
|
|a Advanced series in management,
|x 1877-6361
|
| 504 |
|
|
|a Includes bibliographical references and indexes.
|
| 505 |
0 |
|
|a pt. 1. The nature of (dis)honesty -- pt. 2. (Dis)honesty in public sector and financial management -- pt. 3. (Dis)honesty in firm management in Europe and Africa -- pt. 4. (Dis)honesty in firm management in Asia and America.
|
| 533 |
|
|
|a Electronic reproduction. Ann Arbor, MI : ProQuest, 2015. Available via World Wide Web. Access may be limited to ProQuest affiliated libraries.
|
| 650 |
|
0 |
|a Management.
|
| 650 |
|
0 |
|a Business ethics.
|
| 650 |
|
0 |
|a Honesty.
|
| 655 |
|
4 |
|a Electronic books.
|
| 700 |
1 |
|
|a Vissak, Tiia.
|
| 700 |
1 |
|
|a Vadi, Maaja.
|
| 710 |
2 |
|
|a ProQuest (Firm)
|
| 830 |
|
0 |
|a Advanced series in management (Unnumbered)
|
| 856 |
4 |
0 |
|u https://ebookcentral.proquest.com/lib/matrademy/detail.action?docID=1215510
|z Click to View
|